Govt. of
Madhya Pradesh

In Gandhi's Footsteps (Record no. 49658)

MARC details
000 -LEADER
fixed length control field 003520000a22001570004500
001 - CONTROL NUMBER
control field 000351
003 - CONTROL NUMBER IDENTIFIER
control field MACL
040 ## - CATALOGING SOURCE
Original cataloging agency MACL
090 ## - LOCALLY ASSIGNED LC-TYPE CALL NUMBER (OCLC); LOCAL CALL NUMBER (RLIN)
-- 351
-- 351
100 ## - MAIN ENTRY--PERSONAL NAME
Personal name Horig, Rainer
245 ## - TITLE STATEMENT
Title In Gandhi's Footsteps
Statement of responsibility, etc. Rainer Horig
260 ## - PUBLICATION, DISTRIBUTION, ETC. (IMPRINT)
Place of publication, distribution, etc. The Other India Press,
Date of publication, distribution, etc. 1998
350 ## - PRICE (NR) (BK AM CF MU VM SE) [OBSOLETE]
Price 90
650 ## - SUBJECT ADDED ENTRY--TOPICAL TERM
Topical term or geographic name as entry element Civil And Political Rights
942 ## - ADDED ENTRY ELEMENTS (KOHA)
Call number prefix 323
Koha item type Library Membar

No items available.